Valparaiso (Registro nro. 318353)

Detalles MARC
000 -ENCABEZADO
Número de control [NR] 01105nam a2200253 c 4500
005 - FECHA Y HORA DE LA ÚLTIMA TRANSACCIÓN
control field 20210204102708.0
008 - DE LONGITUD FIJA DE DATOS DE ELEMENTOS - INFORMACIÓN GENERAL
Elementos de longitud fija [NR] 120830s2004 cl a|||gr|||| 00| 0 spa d
020 ## - NUMERO INTERNACIONAL NORMALIZADO PARA LIBROS [R]
Número Internacional Normalizado del libro [NR] 143665
040 ## - FUENTE DE CATALOGACION [NR]
Agencia de catalogación original [NR] CO-BoUCM
Idioma de catalogación [NR] spa
Quien Cataloga Deissy Garcia
Quien Clasifica Deissy Garcia
041 0# - CODIGO DE IDIOMA [R]
Código de idioma para texto/pista de sonido o título separado [R] Español
-- Inglés
100 1# - ASIENTO PRINCIPAL--NOMBRE PERSONAL [NR]
Nombre personal [NR] López Namur, Eduardo
ID Autoridad 101797
245 10 - MENCION DE TITULO [NR]
Título [NR] Valparaiso
Parte restante del título [NR] patrimonio cultural de la humanidad = cultural partrimony of humankind
Mención de responsabilidad, etc. [NR] Eduardo López Namur ; traducción al inglés; Enrique Rodríquez, Verónica Nielsen Alvarado ; edición, Saady González C.
260 ## - PUBLICACION, DISTRIBUCION, ETC. (PIE DE IMPRENTA) [R]
Lugar de publicación, distribución, etc. [R] Chile
Nombre del editor, distribuidor, etc. [R] [editorial no identificada]
Fecha de publicación, distribución, etc. [R] 2004
300 ## - DESCRIPCION FISICA [R]
Extensión [R] (114) páginas
Otros detalles físicos [NR] ilustraciones
504 ## - NOTA DE BIBLIOGRAFIA, ETC. [R]
Nota de bibliografía, etc. [NR] Incluye referencias bibliográficas
650 ## - ASIENTO SECUNDARIO DE MATERIA - TERMINO TEMATICO [R]
Término temático o nombre geográfico como elemento de entrada [NR] Arquitectura chilena
9 (RLIN) 102208
650 ## - ASIENTO SECUNDARIO DE MATERIA - TERMINO TEMATICO [R]
Término temático o nombre geográfico como elemento de entrada [NR] Fotografía arquitectónica
9 (RLIN) 102209
651 ## - ASIENTO SECUNDARIO DE MATERIA - NOMBRE GEOGRAFICO [R]
Nombre geográfico [NR] Valparaiso, (Chile)
Subdivisión general [R] Obras pictóricas
9 (RLIN) 102210
700 1# - ASIENTO SECUNDARIO - NOMBRE PERSONAL [R]
9 (RLIN) 102205
Nombre personal [NR] Rodríquez, Enrique
Término de relación [R] traductor
700 1# - ASIENTO SECUNDARIO - NOMBRE PERSONAL [R]
9 (RLIN) 102206
Nombre personal [NR] Nielsen Alvarado, Verónica
Término de relación [R] traductor
700 1# - ASIENTO SECUNDARIO - NOMBRE PERSONAL [R]
9 (RLIN) 102207
Nombre personal [NR] González, Saady
Término de relación [R] editor
942 ## - ELEMENTOS DE ENTRADA AGREGADOS (KOHA)
Tipo de ítem principal el descrito en 300a Libro
Sistema de clasificación DEWEY
Tema principal Arte
Edición 1
Clasificación 720.983
Parte restante de la signatura top. L925v
Título oculto en OPAC No
Existencias
Signatura topográfica Código de barras Última vez visto Ejemplar Costo de reposición Price effective from Tipo de ítem Perdido Sistema de clasificación Dañado No prestable Tipo de ítem específico Suprimido Ubicación habitual Ubicación actual Localización Fecha de creación Proveedor Forma de adquisición Costo
720.983 L925v 100166945 06/12/2025 Ej.1 26000.00 01/12/2020 Libro   DEWEY     Libro   Claustro Claustro 2do piso 01/12/2020 12 Donación 0.00